Normal view
MARC view
- Birendra Bahadur Singh
Entry Personal Name
001 - CONTROL NUMBER
- control field: 178
003 - CONTROL NUMBER IDENTIFIER
- control field: OSt
005 - DATE AND TIME OF LATEST TRANSACTION
- control field: 20141210150132.0
008 - FIXED-LENGTH DATA ELEMENTS
- fixed length control field: 141210|| aca||aabn | a|a d
040 ## - CATALOGING SOURCE
- Original cataloging agency: OSt
- Transcribing agency: OSt
100 ## - HEADING--PERSONAL NAME
- Personal name: Birendra Bahadur Singh
670 ## - SOURCE DATA FOUND
- Source citation: Work cat.: (OSt): Birendra Bahadur Singh, Objective Agriculture Science: R Gupta's, 2011
